000295463 001__ 295463
000295463 005__ 20240928180842.0
000295463 0247_ $$aG:(GEPRIS)318872759$$d318872759
000295463 035__ $$aG:(GEPRIS)318872759
000295463 040__ $$aGEPRIS$$chttp://gepris.its.kfa-juelich.de
000295463 150__ $$aAffine Deligne-Lusztig Theorie$$y2016 - 2017
000295463 371__ $$aDr. Alexander Ivanov
000295463 450__ $$aDFG project G:(GEPRIS)318872759$$wd$$y2016 - 2017
000295463 5101_ $$0I:(DE-588b)2007744-0$$aDeutsche Forschungsgemeinschaft$$bDFG
000295463 680__ $$aDie klassische Deligne-Lusztig Theorie gibt eine vollständige Beschreibung von Darstellungen von zusammenhängenden reduktiven Gruppen über endlichen Körpern mittels algebraischer Geometrie. Das Ziel dieses Projektes ist es ein vollständiges Analogon der klassischen Deligne-Lusztig Theorie für zusammenhängende reduktive Gruppen über lokalen Körpern zu entwickeln. Dies soll zur automorphen Induktion und zum rein lokalen geometrischen Beweis der lokalen Langlands Korrespondenz beitragen. Vor allem im verzweigten Fall führt dies zu wesentlich neuen Erkenntnissen. Ein rein lokaler Beweis der lokalen Langlands-Korrespondenz ist sehr erstrebenswert: er trägt die gleiche Bedeutung für die heutige arithmetische Geometrie, wie der rein lokale Zugang zur lokalen Klassenkörpertheorie für die algebraische Zahlentheorie in den 1930er Jahren.
000295463 909CO $$ooai:juser.fz-juelich.de:962206$$pauthority$$pauthority:GRANT
000295463 909CO $$ooai:juser.fz-juelich.de:962206
000295463 980__ $$aG
000295463 980__ $$aAUTHORITY